000 00473nam a2200181Ia 4500
001 8665
005 20260306160626.0
008 260306t2013||||xx |||||||||||||| ||spa||
041 _aESP
082 _a371.26
_bR22
100 _aRamírez Castellanos, Ángel Ignacio
_eAUT
245 0 _aEvaluación de los aprendizajes y desarrollo institucional
260 _c2013
300 _ax, 110 páginas :
_c24 cm.
650 _aGEN
654 _aCED
942 _cLIB
_dJUS
_fJUS
_2ddc
_n
999 _c8665
_d8665